[Event "BL 2016-17"]
[Site "St. Veit/Glan"]
[Date "2017.03.23"]
[Round "5"]
[White "Deglmann, Ludwig"]
[Black "Pinter, Erik"]
[Result "0-1"]
[WhiteElo "2300"]
[BlackElo "2384"]
[Annotator "TA"]
[PlyCount "94"]
[EventDate "2017.??.??"]
[EventType "team-tourn"]
[EventCountry "AUT"]
[SourceTitle "playchess.com"]
[Source "ChessBase"]
[SourceQuality "1"]
[WhiteTeam "Absam"]
[BlackTeam "Nickelsdorf"]

{[%evp 17,94,69,78,81,131,130,131,127,139,133,163,156,161,83,73,66,55,-14,105,-6,0,-3,-4,-9,0,-40,-43,-204,-209,-196,-190,-220,-215,-246,-201,-216,-218,-318,-302,-738,-701,-967,-951,-961,-927,-806,-656,-1037,-983,-984,-962,-956,-881,-1189,0,-824,0,-1148,-795,-776,-733,-580,0,-463,-328,-314,-307,-353,-319,-360,-364,-358,-348,-1447,-1436,-29985,-1113,-29988,-551]} 1. d4 g6 2. c4 Bg7 3. e4 d6 4. Nc3 Nc6 5. Be3 e5 6. Nge2 Nh6 7. f3 f5 8. Qd2 Nf7 9. exf5 {A42: Modern Defence: Averbakh Variation} gxf5 {LiveBook: 3 Games} 10. f4 Na5 $146 (10... O-O 11. O-O-O Ne7 12. dxe5 dxe5 13. Nb5 Be6 14. Qb4 Bd7 15. fxe5 Nxe5 16. Nf4 N7c6 {½-½ (25) Ionescu,C (2490)-Welling,G (2355) Pardubice 1997}) 11. Ng3 {White is clearly better.} exf4 12. Bxf4 Qe7+ 13. Kd1 Nc6 14. Nd5 Qd8 15. Qe3+ (15. Be3 $1 $18) 15... Kf8 $16 16. Bd3 Nxd4 17. Nh5 (17. Re1 $14 Be6 18. Ne2 Nxe2 19. Rxe2 (19. Qxe6 Nd4 20. Qe7+ Qxe7 21. Nxe7 Ne5 22. Bxe5 Bxe5 23. Nxf5 Nxf5 24. Bxf5 Bxh2 $15)) 17... c5 (17... Be5 $11 {keeps the balance.}) 18. Re1 (18. Nxg7 Kxg7 19. b4 (19. Qg3+ Kf8 $11) 19... b6 $11) ({Better is} 18. b4 $16) 18... Be6 $1 $11 19. Nxg7 (19. Qg3 Rg8 20. Qf2 (20. Nxg7 Bxd5 21. Qf2 Rxg7 $17) 20... Be5 $17) 19... Kxg7 20. Qg3+ Kf8 21. Qh3 {Threatens to win with Bh6+.} Bxd5 $1 22. Bh6+ $2 ({Only move:} 22. cxd5 $15 Rg8 23. Rc1 (23. Qxh7 $2 Rxg2 24. Rc1 Qf6 $19) (23. Bxf5 $2 Qf6 24. Bxh7 Qxf4 $19)) 22... Nxh6 $19 23. Qxh6+ Kf7 $1 24. cxd5 Qf6 25. Qh3 Rag8 {[%cal Ba8g8,Bg8g5,Bg5h5][%mdl 32]} 26. Rf1 Rg5 27. g4 (27. Rc1 {was necessary.}) 27... f4 {[%cal Bf5f4,Bf4f3][%mdl 32]} (27... Rxg4 28. Bxf5 $1 {[%mdl 512]} Nxf5 29. Qh5+ Qg6 30. Rxf5+ Kg7 31. Kc2 $19) 28. Qg2 $2 (28. Rc1) 28... h5 29. Qe4 f3 (29... hxg4 30. Rxf4 Rf5 31. Rxf5 $17) 30. gxh5 Rgxh5 31. Qg4 Rxh2 32. Rg1 {[#]} Rg2 $1 {[%mdl 512]} ({Inferior is} 32... Rxb2 33. Qd7+ Kf8 34. Qc8+ Kf7 35. Qd7+ Kf8 36. Qc8+ Kf7 37. Qd7+ $11) 33. Rxg2 fxg2 34. Qxg2 Rg8 35. Qh1 Rh8 36. Qg2 Rg8 37. Qh1 Rg7 {White must now prevent ...Qf2.} 38. Kd2 Nf3+ 39. Kc2 Nd4+ 40. Kd2 $1 {And now Rf1 would win.} Qg5+ 41. Kc3 {intending Re1.} Ke7 ({Not} 41... Qe3 42. Re1 Nb5+ 43. Kc2 Nd4+ 44. Kc3 Nb5+ 45. Kc2 Nd4+ 46. Kc3 $11) 42. Re1+ Kd7 43. Qh8 Kc7 44. Qf8 Rd7 ({And not} 44... Qg3 45. Re7+ Rxe7 46. Qxe7+ Kc8 47. Qe8+ Kc7 48. Qe7+ Kc8 49. Qe8+ Kc7 50. Qe7+ $11) 45. Qa8 $2 (45. Rf1) 45... Re7 46. Rh1 {[#]} Qxd5 (46... Nb5+ $142 $1 {[%mdl 512]} 47. Bxb5 Qg7+ 48. Kb3 Qg3+ 49. Kc2 Qg2+ 50. Kd1 Qxh1+ 51. Kc2 Qg2+ 52. Kd1 Qg1+ 53. Kc2 Qf2+ 54. Kc3 Re3+ 55. Bd3 Qe2 56. Qxb7+ Kxb7 57. b4 Rxd3+ 58. Kc4 Rh3#) 47. Rh8 Nc6 (47... Nb5+ $142 48. Kc2 Qg2+ 49. Kb3 {[#]} c4+ $1 {[%mdl 512]} 50. Ka4 cxd3 51. Qd8+ Kc6 52. Qc8+ Kb6 53. Qd8+ Rc7 54. Qxc7+ Nxc7 55. Kb4 Qe4+ 56. Kb3 d2 57. Rh1 Qd3+ 58. Kb4 a5+ 59. Ka4 Qc4+ 60. Ka3 Nb5#) 0-1

[Event "BL 2016-17"]
[Site "St. Veit/Glan"]
[Date "2017.03.23"]
[Round "5"]
[White "Hebesberger, Thomas"]
[Black "Mesaros, Florian"]
[Result "1/2-1/2"]
[WhiteElo "2299"]
[BlackElo "2382"]
[Annotator "TA"]
[PlyCount "107"]
[EventDate "2017.??.??"]
[EventType "team-tourn"]
[EventCountry "AUT"]
[SourceTitle "playchess.com"]
[Source "ChessBase"]
[SourceQuality "1"]
[WhiteTeam "St. Veit"]
[BlackTeam "Wulkaprodersdorf"]

{[%evp 9,107,0,9,-13,-5,-11,40,-39,-8,2,-16,-20,1,-16,-49,-77,0,-71,0,0,27,0,52,0,0,0,107,-54,54,0,0,-25,184,166,219,232,235,142,136,132,126,58,54,47,132,0,0,0,64,74,95,16,14,10,20,0,28,21,29,-4,-4,-4,0,-17,0,0,0,-31,0,0,0,-58,-63,-63,-38,-39,-4,-15,0,0,0,0,0,0,0,0,0,0,0,0,0,0,0,-19,0,0,0,0,0,0]} 1. Nf3 d5 2. e3 Nf6 3. c4 e6 4. b3 Bd6 5. Bb2 O-O {LiveBook: 70 Games} 6. Qc2 {A13: English Opening: 1...e6} (6. Nc3 c6 7. d4 Nbd7 8. Bd3 e5 9. cxd5 cxd5 10. dxe5 Nxe5 11. Be2 Nxf3+ 12. Bxf3 Be5 13. O-O Be6 14. Qd2 Qa5 15. Rfd1 Rfd8 16. Ne4 Qxd2 17. Nxf6+ Bxf6 18. Rxd2 Bxb2 19. Rxb2 {½-½ (63) Malakhov,V (2703)-Matlakov,M (2693) Sochi 2016}) 6... b6 7. Nc3 a6 (7... c5 $11) 8. Bd3 $146 (8. Ng5 $14 g6 9. Be2 (9. cxd5 exd5 10. h4 Be5 $14)) (8. cxd5 exd5 9. Ng5 g6 10. h4 Bb7 11. h5 Qe7 12. hxg6 hxg6 13. Qd3 {1-0 (51) Zhao,X (2504)-Dzagnidze,N (2535) Batumi 2016}) 8... Bb7 9. cxd5 exd5 10. Ng5 {[%cal Rd3h7]} h6 11. Bh7+ Kh8 12. h4 Nbd7 (12... c5 $17 13. Bf5 (13. Ke2 Be7 14. Bf5 Nc6 $17) 13... b5) 13. O-O-O (13. Bf5 $11 {remains equal.}) 13... Qe7 (13... c5 $17 14. Bf5 d4) 14. Bf5 $11 Nc5 15. Ne2 {[%cal Bc3e2,Be2d4,Bd4e6][%mdl 32]} Kg8 ({Black should play} 15... a5 $11) 16. Bh7+ (16. g4 $1 $14) 16... Kh8 17. Bf5 Rad8 {[#]} (17... a5 $11) 18. b4 $2 (18. Nh7 Nxh7 19. Bxh7 Ne4 20. Bxe4 dxe4 $15) (18. f3 $1 $16) 18... Ne6 (18... Nce4 $15 19. Nxe4 Nxe4) 19. Bxe6 ({Better is} 19. Rde1 $1 $14) 19... fxe6 20. Nd4 Ne4 $2 (20... e5 $1 $11 {and Black is okay.} 21. Nde6 Rc8) 21. Ndxe6 $18 (21. Ngxe6 Rxf2 22. Nxd8 Qxd8) 21... hxg5 (21... Kg8 $142) 22. Nxd8 (22. Bxg7+ Kg8 23. Nxd8 (23. Bxf8 $2 Qxe6 24. f3 Rxf8 $19) 23... Qxg7 24. Nxb7 Qa1+ 25. Qb1 Qxb1+ 26. Kxb1 Bxb4 $11) 22... Rxd8 23. f3 gxh4 {White must now prevent ...Ng3.} 24. fxe4 dxe4 {[#]} 25. a3 (25. Rdf1 $1 $16 {[%cal Rf1f5] And now Rf5 would win.} Bxb4 26. Bd4) 25... Bg3 $14 26. Rdf1 {[%cal Bd1f1,Bf1f5,Bf5h5][%mdl 32]} Bd5 (26... Rd5 $14) 27. Qc3 ({White must play} 27. Rf5 $16) 27... Kg8 $11 28. Rf5 Be6 ({Black should try} 28... Rd6 $11) 29. Rh5 $14 Rd6 30. R1xh4 (30. Rf1 $16) 30... Bxh4 $11 31. Rxh4 Bd5 32. Kb1 Rc6 33. Qd4 Rd6 {aiming for ...Ba2+!} 34. Qc3 Rg6 $36 {[%mdl 2048] Black has good play.} 35. Rh5 Qf7 36. Qe5 Ba2+ 37. Ka1 Rxg2 (37... Rf6 $5 38. Rh1 $8 Rf1+ 39. Rxf1 Qxf1+ 40. Kxa2 Qc4+ 41. Kb1 Qd3+ 42. Ka1 Qf1+ 43. Ka2 Qc4+ 44. Kb1 Qd3+ 45. Kc1 Qf1+ 46. Kc2 Qd3+ 47. Kd1 Qf1+ 48. Kc2 Qd3+ 49. Kd1 Qf1+ 50. Kc2 $11) 38. Rg5 Rxg5 39. Qxg5 Bc4 40. Qf4 (40. Bc3 $11) 40... Qg6 $15 41. Qh2 Qg4 {( -> ...Qd1+)} 42. Qh1 Bf7 43. Kb1 {The position is equal.} Qe6 44. Qg2 {[%csl Gb2][%cal Rg2g7]} g6 45. Qh2 {[%csl Gb2][%cal Rh2h8]} Qa2+ 46. Kc1 {[%csl Gb2][%cal Rh2h8]} Qc4+ 47. Bc3 $1 {[%csl Gc3][%cal Rh2h8]} Kf8 48. Qe5 Qf1+ 49. Kb2 Qc4 50. Kc1 ({Reject} 50. Qh8+ Ke7 51. a4 (51. Bf6+ Kd7 52. Qd8+ Kc6 $17) 51... g5 $17) 50... Qc6 51. Kb1 Qd5 52. Qxc7 ({Of course not} 52. Qh8+ Ke7 53. Qe5+ Qxe5 54. Bxe5 Kd7 $15) 52... Qb3+ 53. Kc1 {Qd8+ is the strong threat.} Qxa3+ 54. Bb2 1/2-1/2

[Event "BL 2016-17"]
[Site "St. Veit/Glan"]
[Date "2017.03.23"]
[Round "5"]
[White "Heimberger, Reinhard"]
[Black "Predojevic, Borki"]
[Result "0-1"]
[WhiteElo "2285"]
[BlackElo "2611"]
[Annotator "TA"]
[PlyCount "148"]
[EventDate "2017.??.??"]
[EventType "team-tourn"]
[EventCountry "AUT"]
[SourceTitle "playchess.com"]
[Source "ChessBase"]
[SourceQuality "1"]
[WhiteTeam "St. Valentin"]
[BlackTeam "Maria Saal"]

{[%evp 16,148,16,-3,8,0,0,-8,0,0,0,0,0,0,-6,-14,-18,0,-9,-2,-3,-13,-11,-8,-9,-12,-12,-21,3,0,27,12,14,9,32,32,32,32,33,25,28,14,46,13,22,0,0,0,0,0,0,-25,0,-33,0,0,0,0,0,0,0,0,0,0,0,0,0,0,0,0,0,0,0,0,0,0,0,0,0,0,0,0,0,0,0,0,0,0,0,-29,0,0,0,-89,-89,-89,-89,-89,-89,-89,-89,-89,-89,-281,-248,-325,-307,-263,-271,-438,-394,-402,-398,-442,-439,-414,-398,-365,0,-168,0,-357,-358,-365,-15,-15,-45,-713,-705,-697,-689,-556,-453,-29994,-29995]} 1. d4 Nf6 2. Nf3 d5 3. g3 c5 4. c3 cxd4 5. cxd4 Nc6 6. Bg2 e6 7. O-O Be7 8. Nc3 {[%cal Bb1c3,Bc3a4,Ba4c5][%mdl 32]} O-O 9. a3 Bd7 {[%cal Bc8d7,Bd7e8,Be8b5,Bb5c4][%mdl 32] D02: 1 d4 d5 2 Nf3 sidelines, including 2...Nf6 3 g3 and 2...Nf6 3 Bf4} 10. b4 a6 (10... Ne4 11. Bb2 Nxc3 12. Bxc3 Rc8 13. Qd3 b5 14. Nd2 a5 15. Rfb1 {1-0 (62) Popchev,M (2482)-Kraidman,Y (2334) Antalya 2001}) 11. Bb2 Na7 {The position is equal.} 12. Ne5 Nb5 $146 (12... Bb5 13. Nxb5 Nxb5 14. Rc1 Nd7 15. Nd3 Nd6 16. Re1 f5 17. Nf4 {½-½ (44) Csavassy,G (2036)-Gocze,Z Hungary 2006}) 13. Na4 Nd6 14. Nc5 Be8 15. Qb3 Bb5 16. Rfe1 b6 17. Ncd3 Bc4 18. Qa4 (18. Qc2 $5 {seems wilder.} Qc7 19. a4 Rfc8 20. Rec1 Qb7 21. e3) 18... Qe8 (18... Rc8 $5 {feels hotter.} 19. Qd1 Rc7 20. a4 Qb8 21. f3 Qb7) 19. Qxe8 Rfxe8 20. a4 Rec8 21. Rec1 Ra7 (21... Nfe4 $5 {creates asymmetry.} 22. Nd7 Bd8 23. N7e5 Nd2 24. Ra3 Bg5) 22. Bc3 Nd7 23. Nxc4 Nxc4 24. a5 b5 25. Nc5 Nxc5 26. dxc5 f5 27. Rd1 Kf7 28. Bd4 Bf6 29. e3 g5 30. Kf1 h5 31. Ke2 Rh8 32. h4 {hxg5 is the strong threat.} g4 33. Rab1 Rc7 34. Ba1 Rh7 35. Bd4 Kg6 36. Bxf6 Kxf6 37. Kd3 Rhd7 38. Kc3 Ke7 39. Bf1 Ne5 40. Bg2 Rc8 41. Rd4 Nc6 42. Rd2 Rdc7 43. Rbd1 Rf8 44. Kb3 Nb8 45. Rc1 Nd7 46. Kb2 Nf6 47. Rcd1 Rf7 48. Kb3 Rc8 49. Rc1 Rd8 50. Rcd1 Rdf8 51. Rc1 Kd7 52. Rc3 Kc6 53. Rc1 Ne4 54. Bxe4 (54. Ra2 $11 {remains equal.}) 54... fxe4 $11 {[%mdl 4096] Endgame KRR-KRR} 55. Rcc2 e5 56. Re2 Rf3 57. Kb2 Rd8 $1 58. Rcd2 d4 $1 {[%cal Rd4d3] White must now prevent ...d3.} 59. exd4 $2 (59. Re1 $17) 59... Rxd4 $19 60. Rxd4 exd4 61. Rxe4 Rxf2+ $17 {KR-KR} 62. Kb3 $2 (62. Kc1 {was the only defense.} Kd5 63. Re8) 62... Kd5 63. Re8 Rf3+ 64. Kb2 Rxg3 65. Rd8+ Ke4 66. Re8+ Kd5 (66... Kd3 $142 67. Rh8 Rh3 68. Rxh5 Kc4) 67. Rd8+ $19 {[#]} Ke4 $2 (67... Ke5 $1 68. Rh8 Kd5 69. Rxh5+ Kc4) 68. Re8+ $1 {[#]} Kd3 $1 69. Re5 {intending c6.} Kc4 $2 ({Black should play} 69... Rg2+ $19 70. Kb3 Rg1) 70. c6 $1 $11 {[%cal Rc6c7] Hoping for c7.} Kxb4 {aiming for ...Rb3+.} 71. Rd5 $2 {[%mdl 8192]} (71. Rc5 $15 Rb3+ 72. Ka2) 71... Rb3+ $19 72. Ka2 Rc3 73. Rxd4+ Kxa5 74. Rb4 (74. Rd5 $19 Rxc6 75. Rxh5) 74... Kxb4 0-1

[Event "BL 2016-17"]
[Site "St. Veit/Glan"]
[Date "2017.03.23"]
[Round "5"]
[White "Vlcek, Stanislav"]
[Black "de Francesco, Klaus"]
[Result "1/2-1/2"]
[WhiteElo "2275"]
[BlackElo "2227"]
[Annotator "TA"]
[PlyCount "59"]
[EventDate "2017.??.??"]
[EventType "team-tourn"]
[EventCountry "AUT"]
[SourceTitle "playchess.com"]
[Source "ChessBase"]
[SourceQuality "1"]
[WhiteTeam "Nickelsdorf"]
[BlackTeam "Absam"]

{[%evp 14,59,25,4,37,39,49,31,35,19,29,22,22,26,39,41,40,37,64,28,68,20,35,-7,0,-12,-12,-15,-8,-14,-5,0,-5,-28,-24,-43,0,0,0,-13,-37,-26,-9,-10,0,0,0,0]} 1. e4 {[%cal Be2e4,Be4e5][%mdl 32]} e6 2. d4 d5 3. Nc3 Nf6 4. Bg5 Be7 5. e5 Nfd7 6. Bxe7 Qxe7 7. f4 a6 8. Nf3 Nb6 {C14: French: Classical System: 4 Bg5 Be7 main line} (8... c5 9. Qd2 Nc6 10. dxc5 Nxc5 11. Bd3 O-O 12. O-O f6 13. Ne2 Nxd3 14. Qxd3 Bd7 15. Ned4 fxe5 16. Nxe5 Nxe5 17. fxe5 Qb4 18. Rfb1 Rf4 19. c3 {1-0 (53) Van Foreest,J (2584)-Bauer,C (2584) Vaujany 2016}) 9. Qd2 Bd7 10. Be2 c5 {White is slightly better.} 11. O-O Nc6 12. Nd1 $146 (12. Kh1 g6 13. a4 cxd4 14. Nxd4 Qb4 15. Rfd1 Qxd4 16. Qxd4 Nxd4 17. Rxd4 {½-½ (58) Krizanovic,Z (2119)-Basaric,S (2166) Zagreb 2011}) 12... cxd4 13. Nxd4 Qc5 14. c3 O-O 15. Ne3 Rac8 16. Kh1 Rc7 17. Bd3 Nc4 18. Nxc4 (18. Bxc4 $5 {feels hotter.} dxc4 19. Rad1 Ne7 20. Qf2 b5 21. Ndc2) 18... dxc4 19. Be4 Nxd4 20. cxd4 Qe7 21. Rad1 g6 22. Qa5 Rfc8 23. d5 exd5 24. Bxd5 Bc6 25. Bxc6 Rxc6 26. Rf3 b5 27. a3 {[%cal Ba2a3,Ba3b4][%mdl 32]} Qc7 28. Qc3 {The position is equal.} a5 29. f5 b4 30. axb4 1/2-1/2

[Event "BL 2016-17"]
[Site "St. Veit/Glan"]
[Date "2017.03.23"]
[Round "5"]
[White "Tober, Gerhard"]
[Black "Kreisl, Robert"]
[Result "0-1"]
[WhiteElo "2260"]
[BlackElo "2426"]
[Annotator "NA"]
[PlyCount "74"]
[EventDate "2017.??.??"]
[EventType "team-tourn"]
[EventCountry "AUT"]
[SourceTitle "playchess.com"]
[Source "ChessBase"]
[SourceQuality "1"]
[WhiteTeam "St. Valentin"]
[BlackTeam "Maria Saal"]
[TimeControl "40/5400+30:1800+30"]

1. e4 {[%emt 0:00:00]} c6 {[%emt 0:00:03]} 2. d4 {[%emt 0:00:00]} d5 {[%emt 0:00:05]} 3. exd5 {[%emt 0:00:34]} cxd5 {[%emt 0:00:10]} 4. Bd3 {[%emt 0:00:38]} Nc6 {[%emt 0:00:06]} 5. c3 {[%emt 0:00:12]} Qc7 {[%emt 0:03:57]} 6. Ne2 {[%emt 0:01:08]} Bg4 {[%emt 0:01:07]} 7. h3 {[%emt 0:00:51] B13: Caro-Kann: Exchange Variation and Panov-Botvinnik Attack} (7. O-O e6 8. Qe1 Bxe2 9. Qxe2 Nf6 10. Nd2 Bd6 11. g3 O-O 12. f4 Rae8 13. Nf3 Nd7 14. Bd2 f5 {1-0 (34) Yu,Y (2729)-Dreev,A (2652) Doha 2016}) 7... Bh5 {[%emt 0:01:20]} 8. O-O {[%emt 0:01:00]} e6 {[%emt 0:01:22] LiveBook: 3 Games} 9. Bf4 {[%emt 0:07:50]} Qxf4 $146 {[%emt 0:12:37]} (9... Bd6 10. Bxd6 Qxd6 11. Qd2 Nf6 12. Nf4 Bg6 13. Bxg6 hxg6 14. Nd3 O-O {0-1 (38) Mrksic,B (2223)-Buli,V (2359) Crikvenica 2008}) 10. Nxf4 {[%emt 0:00:36]} Bxd1 {[%emt 0:00:05]} 11. Rxd1 {[%emt 0:00:14]} Bd6 {[%emt 0:00:06]} 12. Ne2 {[%emt 0:02:26]} Nge7 {[%emt 0:02:47]} 13. Nd2 {[%emt 0:01:14]} O-O {[%emt 0:08:44]} 14. f4 {[%emt 0:15:14]} f6 {[%emt 0:11:13]} 15. Rf1 {[%emt 0:10:04]} e5 {[%emt 0:16:51]} 16. fxe5 {[%emt 0:03:07]} fxe5 {[%emt 0:00:09]} 17. dxe5 {[%emt 0:03:14]} Nxe5 {[%emt 0:03:13]} 18. Bc2 {[%emt 0:02:41]} g6 {[%emt 0:02:19]} 19. Nd4 {[%emt 0:15:54]} Bc5 {[%emt 0:00:58]} 20. N2b3 {[%emt 0:19:58]} Bb6 {[%emt 0:00:35]} 21. a4 {[%emt 0:02:01]} a5 {[%emt 0:03:50]} 22. Rae1 {[%emt 0:04:23]} N7c6 {[%emt 0:00:55]} 23. Re2 {[%emt 0:00:24]} Nxd4 $11 {[%emt 0:12:26]} 24. Nxd4 {[%emt 0:00:55]} Nc6 {[%emt 0:00:14]} 25. Rd2 {[%emt 0:03:10]} Rxf1+ {[%emt 0:03:14]} 26. Kxf1 {[%emt 0:00:02]} Bxd4 {[%emt 0:06:19]} 27. cxd4 {[%emt 0:00:04]} Rf8+ {[%emt 0:00:04]} 28. Ke1 {[%emt 0:00:41]} Re8+ {[%emt 0:01:15]} 29. Kd1 {[%emt 0:00:47]} Nb4 {[%emt 0:00:31]} 30. Rf2 {[%emt 0:00:46]} Kg7 {[%emt 0:00:36]} 31. Kd2 {[%emt 0:00:47]} Re6 {[%emt 0:00:52]} 32. Bb3 {[%emt 0:02:06]} Re4 {[%emt 0:00:39]} 33. Bc2 {[%emt 0:01:36]} Rxd4+ {[%emt 0:01:14]} 34. Ke3 {[%emt 0:00:22]} Rc4 {[%emt 0:03:22]} 35. Bb3 {[%emt 0:00:06]} Re4+ {[%emt 0:00:02]} 36. Kf3 {[%emt 0:00:02]} Rd4 {[%emt 0:01:12]} 37. Ke3 {[%emt 0:00:32]} Rd3+ {[%emt 0:00:03] Kd4} 0-1

[Event "BL 2016-17"]
[Site "St. Veit/Glan"]
[Date "2017.03.23"]
[Round "5"]
[White "Sandhoefner, Florian"]
[Black "Ragger, Markus"]
[Result "0-1"]
[WhiteElo "2255"]
[BlackElo "2681"]
[Annotator "TA"]
[PlyCount "120"]
[EventDate "2017.??.??"]
[EventType "team-tourn"]
[EventCountry "AUT"]
[SourceTitle "playchess.com"]
[Source "ChessBase"]
[SourceQuality "1"]
[WhiteTeam "St. Valentin"]
[BlackTeam "Maria Saal"]

{[%evp 22,120,0,-18,-18,-27,-18,-20,-18,-25,-13,-18,3,-25,-9,-38,-37,-49,-39,-51,-48,-47,-49,-42,-14,-16,-13,-25,0,0,0,0,0,-19,0,0,0,0,0,0,0,0,0,0,0,0,0,0,0,0,39,12,11,21,47,0,8,15,11,0,15,0,33,8,8,4,21,14,11,0,0,0,0,0,0,-125,-116,-137,-127,-162,-150,-250,-240,-263,-255,-264,-264,-264,-264,-264,-264,-1755,-1681,-1510,-1456,-2422,-2129,-1723,-1727,-1397,-1369]} 1. d4 Nf6 2. c4 g6 3. Nc3 d5 4. cxd5 Nxd5 5. Bd2 Nb6 {[%cal Bd5b6,Bb6d7,Bd7c5,Bc5e4][%mdl 32]} 6. Bg5 Bg7 7. e3 c5 {D85: Exchange Grünfeld: Unusual White 7th moves and lines with 7 Nf3} 8. dxc5 Bxc3+ 9. bxc3 Qxd1+ 10. Rxd1 N6d7 11. Bb5 (11. e4 Nxc5 12. f3 b6 13. h4 f6 14. Be3 Nbd7 15. Bb5 {½-½ (27) Stefansson,H (2581)-Swiercz,D (2656) Gjakova 2016}) 11... Nc6 12. Nf3 {LiveBook: 3 Games} f6 13. Bh4 Nxc5 14. Nd4 Bd7 15. Nxc6 bxc6 $146 (15... Bxc6 16. Bxc6+ bxc6 {0-1 (35) Moehn,H (2119)-Naumann,A (2535) Bad Wiessee 2012}) 16. Bc4 $1 Ne4 17. Rc1 Rb8 18. Bb3 Nc5 19. Bc4 Be6 20. Bxe6 Nxe6 21. Kd2 Kf7 22. Kc2 Nc5 23. f3 Rb5 24. e4 Nd7 25. Bf2 Ne5 26. Rb1 Ra5 27. Ra1 Nc4 {White must now prevent ...Rb5.} 28. a4 $1 f5 29. exf5 gxf5 30. Rhd1 Rg8 31. g3 Rb8 32. Ra2 Re5 33. Kc1 a6 34. Rd4 Na5 {Threatens to win with ...Nb3+.} 35. Rb4 Rd8 36. Rd2 Rxd2 37. Kxd2 $11 {[%mdl 4096] Endgame KRB-KRN} c5 38. Rb8 Rd5+ 39. Ke2 Re5+ 40. Kd2 c4 41. Rc8 Ke6 (41... Nb3+ $5 42. Kd1 $8 Rd5+ 43. Ke1 Re5+ 44. Kd1 (44. Kf1 Ra5 $11) 44... Rd5+ 45. Ke1 Re5+ 46. Kf1 Ra5 $11) 42. Bb6 Nb3+ 43. Kd1 Kd5 44. a5 Re6 45. Rc7 Rh6 46. Bg1 e5 47. Rf7 Rd6 {Hoping for ...Ke6+.} 48. Rxh7 (48. Ke1 $11) 48... Kc6+ $1 $17 (48... Nxa5 49. Kc2 $14) 49. Ke1 Rd3 50. Re7 Kd6 ({Stronger than} 50... Rxf3 51. Rxe5 Rxc3 52. Be3 $11 (52. Rxf5 Rc1+ 53. Kf2 c3 $17)) 51. Ra7 (51. Re8 $17 Rxc3 52. Rd8+ Ke7 53. Bb6) 51... Rxc3 $19 (51... Rxf3 52. Rxa6+ Kd5 53. Ra8 Rxc3 54. Rd8+ Ke4 55. a6 Rc1+ 56. Kf2 $19 (56. Rd1 Rxd1+ 57. Kxd1 Kd3 $19)) 52. Rxa6+ Kd5 53. Ra8 {Rd8+ is the strong threat.} Rc1+ 54. Kf2 {[#]} c3 $1 {[%cal Rc3c2]} 55. a6 {[#]} c2 $1 56. Rc8 $2 (56. Rd8+ Kc4 57. a7) 56... Nc5 {Black is clearly winning.} 57. a7 Ra1 58. a8=Q+ Rxa8 59. Rxa8 c1=Q 60. Kg2 Nd3 0-1

[Event "BL 2016-17"]
[Site "St. Veit/Glan"]
[Date "2017.03.23"]
[Round "5"]
[White "Gerhold, Michael"]
[Black "Kuntner, Reinhard"]
[Result "1-0"]
[WhiteElo "2221"]
[BlackElo "2021"]
[Annotator "TA"]
[PlyCount "116"]
[EventDate "2017.??.??"]
[EventType "team-tourn"]
[EventCountry "AUT"]
[SourceTitle "playchess.com"]
[Source "ChessBase"]
[SourceQuality "1"]
[WhiteTeam "Absam"]
[BlackTeam "Nickelsdorf"]

{[%evp 13,116,11,35,35,42,38,76,47,46,37,62,24,29,25,43,30,29,15,23,13,8,12,41,32,52,2,0,-88,0,0,0,-67,-38,-64,-60,-60,-64,-55,-18,-49,-48,-59,-39,-52,0,-66,-73,-144,-157,-212,-140,-224,-184,-278,-277,-271,-160,-165,-87,-97,-79,-105,-43,-62,-59,-62,-3,-65,-27,-65,-26,-65,0,-65,-24,-61,-45,-73,-29,-44,37,33,45,0,321,178,362,240,306,301,322,326,311,260,220,246,643,638,630,617,1195,520,1227,1169,935]} 1. Nf3 d5 2. d4 Nf6 3. c4 e6 4. Nc3 Be7 5. Bf4 O-O 6. e3 a6 7. c5 Nc6 8. a3 {D37: Queen's Gambit Declined: 5 Bf4} Bd7 (8... Nh5 9. Bd3 Nxf4 10. exf4 Bf6 11. Ne2 g6 12. O-O Bg7 13. b4 f6 14. Qb3 e5 15. Be4 Be6 16. dxe5 {1-0 (33) David,A (2608)-Dervishi,E (2557) Fermo 2010}) 9. h3 Na7 $146 (9... b5 10. Be2 Ne8 11. O-O f5 12. Ne5 Nf6 13. Nxc6 Bxc6 {1-0 (23) Leakovic,I (2217)-Bogdanovic,A (1951) Croatia 2005}) 10. Qb3 {White is better.} b6 11. cxb6 cxb6 12. Rc1 b5 13. Ne5 Be8 14. Bd3 Nd7 {[%cal Bf6d7,Bd7b6,Bb6c4][%mdl 32]} 15. Nf3 Rc8 16. O-O Nb6 17. Qc2 h6 18. Qe2 f5 19. g4 Nc4 20. gxf5 (20. Ne5 $11 {remains equal.}) 20... exf5 (20... Bh5 $1 $17) 21. Ne5 $11 Nc6 22. Nxc4 (22. Nxd5 $11 N4xe5 23. Nxe7+ Qxe7 24. Bxe5) 22... bxc4 23. Bc2 Bg5 {aiming for ...Bxf4.} 24. Qf3 Bxf4 25. Qxf4 g5 26. Qf3 Ne7 27. Rfe1 Rb8 $36 {[%mdl 2048] Black has the initiative.} 28. Rb1 Qd6 (28... Rb6 $15) 29. Kh1 (29. Qg3 $11 Qxg3+ 30. fxg3) 29... Ng6 $15 30. Bd1 (30. Nxd5 $2 Bc6 31. e4 fxe4 $19) (30. Qg2 $142) 30... Kh8 31. Kg1 (31. Bc2 $17) 31... Rd8 32. Be2 (32. b3 $17 {keeps fighting.}) 32... Nh4 33. Qh1 (33. Qg3 $142 f4 34. exf4 Rxf4 35. Bg4) 33... Bg6 $19 34. Rbd1 Rf7 (34... Rfe8 $19 35. Bf3 Bf7) 35. Bf3 {[%cal Rf3d5] [#]} Nxf3+ ({Better is} 35... Rb7 $1 $19 36. Rd2 Bf7) 36. Qxf3 $17 Rg7 37. Kh1 h5 ({Black should play} 37... Qd7 $17) 38. Rg1 g4 39. Qg3 Qf6 (39... Qxg3 $15 40. fxg3 Rb8) 40. Ne2 (40. Qe5 $11 Qd6 41. Kg2) 40... Bf7 41. h4 Rgg8 42. Rd2 Rge8 (42... Rb8 $15) 43. Kg2 (43. b3 $11) 43... Kh7 44. Qf4 Re4 45. Qc7 Rde8 46. Ng3 R8e7 (46... R4e7 $15 47. Qf4 Bg6) 47. Nxe4 $14 fxe4 48. Qf4 Qe6 $2 {[%mdl 8192]} (48... Qxf4 $11 {and Black is okay.} 49. exf4 Rb7) 49. Rc1 (49. b3 $142) 49... Bg6 $2 (49... a5 {might work better.} 50. Rdd1 Bg6) 50. Rc3 Rf7 51. Qe5 Qd7 {[#]} 52. b3 $1 Rf5 53. Qh2 Rf3 54. bxc4 Rh3 $2 (54... dxc4 55. Rxc4 g3 56. fxg3 Rxe3) 55. Qf4 $18 {White is clearly winning.} Rf3 56. Qe5 Qd8 57. Qg5 (57. Qxd5 Qxh4 58. Qd7+ (58. Kg1 {gets mated.} Rh3 59. Qd7+ Kh6 60. Qh7+ Bxh7 61. Kf1 Rh1+ 62. Ke2 Qh3 63. Rd1 Qf3+ 64. Kd2 Qxd1#) 58... Kh6 $16) (57. cxd5 $142 Kh6 58. Rc7) 57... Qb8 (57... Qxg5 $142 58. hxg5 Be8 59. cxd5 Kg6) 58. cxd5 Rf5 1-0